[Event "Hampstead U135 op 41st"]
[Site "Hampstead"]
[Date "2016.07.02"]
[Round "2"]
[White "Braine, Anthony"]
[Black "Hastilow, Sarah"]
[Result "1-0"]
[WhiteElo "103"]
[BlackElo "1185"]
[PlyCount "51"]
[EventDate "2016.07.02"]
[EventType "swiss"]
[EventRounds "5"]
[EventCountry "ENG"]
[SourceTitle "EXT 2025"]
[Source "ChessBase"]
[SourceDate "2024.10.14"]
[SourceVersion "1"]
[SourceVersionDate "2024.10.14"]
[SourceQuality "1"]

1. b4 e6 2. Bb2 Nf6 3. b5 b6 4. e3 d5 5. Nf3 Bb7 6. Be2 Nbd7 7. 0-0 Bd6 8. d3 e5 9. Nbd2 0-0 10. c4 Rc8 11. cxd5 Bxd5 12. Nc4 Re8 13. a4 e4 14. Nd4 Nc5 15. dxe4 Rxe4 16. f3 Rh4 17. f4 Nfe4 18. Nf5 Ne6 19. Qxd5 Nxf4 20. Qd1 Nh3+ 21. gxh3 Qg5+ 22. Bg4 Rxh3 23. Ncxd6 Nxd6 24. Qd4 Nxf5 25. Rxf5 h5 26. Rxg5 1-0